01172 2200373 4500001002100000005001500021035002000036007000300056040001700059100002500076245010400101250001200205300003500217504002400252020002200276041000800298082001200306084001800318090002300336264004100359336002100400337003000421338002300451650001500474850001000489008004100499500002800540700008800568700006600656990001900722990001900741990001900760990001900779INLIS00000000000589020260423084951 a0010-0322000134ta aSBPUPADbind0 aMurniyatiePengarang1 aHukum Adat Indonesia :bMeninjau hukum adat minang kabau /cMurniyati; Editor, Th. Dwi Suryaningrum a.-Cet.1 a68 hal. :billus. ;c16x 24 cm aBibliografi, hlm 62 a978-979-002-669-80 aind a338.372 a338.372 MUR k a340.112 OKA m 11-3 a.--jakarta :bPenebar Swadaya,c2014 2rdacontentaTeks 2rdamediaaTanpa Perantara 2rdacarrieraVolume 4aHukum Adat aPUPAD260423 0  aProfile Penulis, hlm 68 aPengarang ke-2 Fera Roswita Dewi, Pengarang ke-3 Rosmawati PeranginanginePengarang aEditor ke-2 Yusro Nuri, Editor Ke-3 Atiatul Mu'minePengarang a22.800/KAPD/16 a22.801/KAPD/16 a22.802/KAPD/16 a22.803/KAPD/16